000 00654nam a2200277Ia 4500
005 20260324143500.0
008 008 260324s9999 xx 000 0 eng d
020 _a9780203708941
037 _aEBOOK
040 _aCRL
040 _beng
040 _cCRL
041 _2eng
041 _aeng
084 _qCRL
100 _aCherise Kramarae; Ann Russo
_91215796
245 4 _aThe Radical Women's Press of the 1850s
260 _bTaylor and Francis
260 _c1991
365 _a
365 _b350
856 _uhttp://www.taylorfrancis.com/books/9780203708941
942 _cEBOOK
999 _c1821256
_d1821256